Vertragliche Anpassungsregelungen : dargestellt am Beispiel langfristiger Energielieferungsvertrage

Αποθηκεύτηκε σε:
Λεπτομέρειες βιβλιογραφικής εγγραφής
Κύριος συγγραφέας: Baur, Jürgen F.
Μορφή: Βιβλίο
Γλώσσα:German
Δημοσίευση: Heidelberg : Verlagsgesellschaft Recht und Wirtschaft, c1983
Σειρά:Bucher des Betriebs-Beraters
Θέματα:
Ετικέτες: Προσθήκη ετικέτας
Δεν υπάρχουν, Καταχωρήστε ετικέτα πρώτοι!

MARC

LEADER 00000cam a2200000 i 4500
001 1/41809
008 070301s1983 ger d
020 |a 3-8005-6995-7 
035 |l 10087182 
040 |a GR-MY-UA  |b gre  |e aacr 
041 0 |a ger 
082 0 |a 346.4302  |2 (22) 
100 1 |a Baur, Jürgen F. 
245 1 0 |a Vertragliche Anpassungsregelungen :  |b dargestellt am Beispiel langfristiger Energielieferungsvertrage /  |c Jurgen F. Baur 
260 |a Heidelberg :   |b Verlagsgesellschaft Recht und Wirtschaft,   |c c1983 
300 |a 130 σ.;  |c 22 εκ. 
490 1 |a Bucher des Betriebs-Beraters 
504 |a Περιλαμβάνει βιβλιογραφικές παραπομπές και ευρετήριο 
650 0 0 |a Power resources  |x Law and legislation  |z Germany. 
650 0 0 |a Contracts  |z Germany. 
830 0 |a Bucher des Betriebs-Beraters 
852 |a INST  |b CHIOS  |e 20070301  |h 346.4302 BAU  |p 005200029091  |q 005200029091  |t BK  |y 0 
901 |a BIBL2-2007-1 
909 |a Χ  |b 130906 
970 |a ΒΑΣΙΛΑΚΗ  |b ΝΙΚΗ  |z 2007/03/01